00417nam a2200181Ia 4500008004100000020001800041050001600059100002000075245002300095245002300118260001500141260001600156260000900172300001600181300002000197300001000217500000800227170918s9999 xx 000 0 und d a9780590386333 bS757li 1997 aSpinelli, Jerry 4aThe library card / cby Jerry Spinelli. aNew York : bScholastic, c1997 a148 pages : billustrations : c19cm. a690